Normal view
MARC view
- Xu, Ruiyan.
Entry Personal Name
001 - CONTROL NUMBER
- control field: 11353
003 - CONTROL NUMBER IDENTIFIER
- control field: NUST
005 - DATE AND TIME OF LATEST TRANSACTION
- control field: 20180702073012.0
008 - FIXED-LENGTH DATA ELEMENTS
- fixed length control field: 180702|| aca||aabn | a|a d
040 ## - CATALOGING SOURCE
- Original cataloging agency: NUST
- Transcribing agency: NUST
100 ## - HEADING--PERSONAL NAME
- Personal name: Xu, Ruiyan.
670 ## - SOURCE DATA FOUND
- Source citation: Work cat.: (NUST)71669: Xu, Ruiyan., The lost and forgotten languages of Shanghai =, 2010.
